Mira Schendel (Record no. 12074)

MARC details
000 - LÍDER
campo de control de longitud fija 00942nam a2200253Ia 4500
008 - ELEMENTOS DE DATOS DE LONGITUD FIJA - INFORMACIÓN GENERAL
campo de control de longitud fija 0000002000 usad 0000000000eng00
090 ## - NÚMERO DE LLAMADA DE TIPO LC LOCALMENTE ASIGNADO (OCLC)
Número de clasificación (OCLC) (R) PSZ00 M37m
245 10 - TÍTULO DECLARACIÓN
Título Mira Schendel
264 ## - AVISO DE PRODUCCIÓN, PUBLICACIÓN, DISTRIBUCIÓN, FABRICACIÓN Y DERECHOS DE AUTOR
Lugar de producción New York : Latincollector
260 ## - PUBLICACIÓN, DISTRIBUCIÓN
Fecha de publicación 2000
300 ## - DESCRIPCIÓN FÍSICA
Alcance [27] h.
Dimensiones / 28 cm.
500 ## - NOTA GENERAL
Nota general Documento en fotocopia a color \ Incluye datos biográficos y cronología del artista \ Proyecto Ganador Programa Apoyos Concertados FGAA 2010
501 ## - Con nota
Con nota From behind on some drawings by Mira Schendel / Rodrigo Naves In the void of the world / Sonia Salztein
600 00 - ENTRADA DE SUJETO AÑADIDO - NOMBRE PERSONAL
Nombre de la persona SCHENDEL, MIRA, 19191988/
Subdivisión general TRABAJOS PICTORICOS
650 14 - ENTRADA DE SUJETO AÑADIDO - TÉRMINO TÓPICO
Término tópico o elemento de entrada del nombre geográfico ARTE CONTEMPORANEO SUIZO
650 14 - ENTRADA DE SUJETO AÑADIDO - TÉRMINO TÓPICO
Término tópico o elemento de entrada del nombre geográfico ARTISTAS PLASTICOS SUIZOS
650 14 - ENTRADA DE SUJETO AÑADIDO - TÉRMINO TÓPICO
Subdivisión general CATALOGOS
650 14 - ENTRADA DE SUJETO AÑADIDO - TÉRMINO TÓPICO
Término tópico o elemento de entrada del nombre geográfico PINTORES SUIZOS
650 14 - ENTRADA DE SUJETO AÑADIDO - TÉRMINO TÓPICO
Término tópico o elemento de entrada del nombre geográfico PINTURA (TECNICA MIXTA)
650 14 - ENTRADA DE SUJETO AÑADIDO - TÉRMINO TÓPICO
Término tópico o elemento de entrada del nombre geográfico PINTURA AL OLEO
650 14 - ENTRADA DE SUJETO AÑADIDO - TÉRMINO TÓPICO
Término tópico o elemento de entrada del nombre geográfico PINTURA SUIZA
650 14 - ENTRADA DE SUJETO AÑADIDO - TÉRMINO TÓPICO
Término tópico o elemento de entrada del nombre geográfico TEMPERA
700 1# - ENTRADA AGREGADA - NOMBRE PERSONAL
Nombre de la persona Naves, Rodrigo \ Salztein, Sonia
Holdings
Estado de retirada Pérdida de estatus Estado dañado No para préstamo Código de recogida Ubicación permanente Ubicación actual Ubicación de las estanterías Fecha de adquisición Número de llamada completo Código de barras Fecha de la última vez que se vio Número de copia Precio efectivo desde Tipo de artículo Koha
        General ArtNexus ArtNexus General 06/09/2022 P-SZ-00 M37M 12197 06/09/2022 Ej.1 06/09/2022 Libro

Powered by Koha